000 00457nam a2200193 4500
003 LK-CoMWRAF
005 20230905141038.0
008 230905b1995 |||||||| |||| 00| 0 eng d
020 _a0146000129
040 _aLK-CoMWRAF
_dLK-CoMWRAF
_eLK-CoMWRAF
041 _aeng
082 _a823
_bMEL
100 _aMelville, Herman
245 _aBartleby
260 _aLondon :
_bPenguin books,
_c1995
300 _a64p
650 _aEnglish Fiction
942 _cBK
999 _c3406
_d3406